000 00400nam a22001577a 4500
005 20260608103418.0
008 260608b |||||||| |||| 00| 0 eng d
041 _2ENGLISH
100 _aWILLIAM LED WELL KRITINA HOLDEN
245 _aUNIVERSAL PRINICIPAL OF DESIGN
250 _a2010
260 _aUSA
_bROCK PORT PUBLISHING
_c1/12/2025
300 _aP-270
365 _b3043.30
942 _cBK
999 _c1222387
_d1222387